| 000 | 01138nam a2200253 i 4500 | ||
|---|---|---|---|
| 001 | bg | ||
| 245 | 0 | 0 |
_aNiezbędnik Europejski [Dokument elektroniczny] : _bvademecum - polskie źródła informacji o UE. [CD]4, Podatki, Stosunki zewnętrzne, Unia celna / _c[koordynacja i oprac. Anna Kierzkowska et al.] ; Urząd Komitetu Integracji Europejskiej. [Departament Dokumentacji Europejskiej]. |
| 254 | _aDane tekstowe | ||
| 260 |
_aWarszawa : _bUrząd Komitetu Integracji Europejskiej, _c2004. |
||
| 300 |
_a1 dysk optyczny (CD-ROM) : _bkolor. ; _c12 cm + _eInformator. |
||
| 500 | _aTyt. z ekranu tytułowego. | ||
| 500 | _aWymagania systemowe: IBM PC; Windows 98 lub nowsze; czytnik CD-ROM. | ||
| 650 | 9 | _aUnia Europejska | |
| 655 | _aDokumenty elektroniczne | ||
| 700 | 1 |
_aKIERZKOWSKA, Anna. _eOprac. |
|
| 710 |
_aPolska _bUrząd Komitetu Integracji Europejskiej _bDepartament Dokumentacji Europejskiej |
||
| 020 | _a8389972263 (CD 110) | ||
| 040 | _cBPK | ||
| 041 | 0 | _apol | |
| 080 | _a339.923:327.39:061.1A/Z](4-67)"1989/..." | ||
| 920 | _a83-89972-26-3 (CD 1-10) | ||
| 942 | _cCD | ||
| 008 | s pl f |000 0 pol | ||
| 999 |
_c24059 _d24059 |
||
| 856 |
_uhttp://koha.tu.koszalin.pl/cgi-bin/koha/opac-detail.pl?biblionumber=24059 _yKatalog online BPK |
||